| 000 | 02175cas a2200505 a 4500 | ||
|---|---|---|---|
| 001 | 11248800 | ||
| 003 | NUST-PNEC | ||
| 005 | 20170116180706.0 | ||
| 007 | t| | ||
| 008 | 790918c19799999nyuhr f 0 a0eng c | ||
| 010 | _a 81642618 | ||
| 020 | _a0070459924 | ||
| 022 | 0 |
_a0277-6758 _21 |
|
| 035 | _a(OCoLC)ocm05383200 | ||
| 040 |
_aO _cPNEC |
||
| 042 |
_apcc _ansdp |
||
| 043 | _an-us--- | ||
| 050 | 0 | 0 |
_aTK260 _b.N2 |
| 082 | 4 | _a621.319'2402 MCP | |
| 100 |
_9347 _aMcPartland, Joseph F. |
||
| 222 | 0 | _aMcGraw-Hill's National electrical code handbook | |
| 245 | 0 | 0 |
_aMcGraw-Hill's National electrical code handbook. _b22nd Edition Based on the current 1996 National electrical code _cJoseph F. McPartland |
| 246 | 3 | _aMcGraw Hill's National electrical code handbook | |
| 246 | 1 | 0 | _aNational electrical code handbook |
| 260 |
_aNew York : _bMcGraw-Hill, _cc1979- |
||
| 300 |
_av. : _bill. ; _c22 cm. |
||
| 310 | _aTriennial | ||
| 362 | 0 | _a16th ed- | |
| 500 | _aIncludes Index http://www.amazon.com/McGraw-Hills-National-Electrical-Code-Handbook/dp/0070459924/ref=sr_1_1?s=books&ie=UTF8&qid=1411545926&sr=1-1&keywords=0070459924 | ||
| 530 | _aAlso issued online. | ||
| 580 | _aBased on 1978- ed. of: National electrical code. | ||
| 590 | _aSERBIB/SERLOC merged record | ||
| 650 | 0 |
_aElectrical engineering _xEE _vHandbooks, manuals, etc. |
|
| 700 | 1 | _aMcPartland, Joseph F. | |
| 730 | 0 | _aNational electrical code. | |
| 770 | 0 |
_tYearbook supplement to McGraw-Hill's National electrical code handbook _w(DLC)sn 96038118 _w(OCoLC)24866547 |
|
| 780 | 0 | 0 |
_tNFPA handbook of the National electrical code _w(OCoLC)5142121 _w(DLC)sn 88015690 |
| 787 | 1 |
_tNational electrical code _x0550-4406 _w(DLC)sn 82020719 _w(OCoLC)3743098 |
|
| 906 |
_a7 _bcbc _cserials _d1 _encip _f19 _gn-oclcserc |
||
| 942 |
_2ddc _cBK |
||
| 999 |
_c60728 _d60728 |
||